000 00332nam a2200145 a 4500
005 20140414132054.0
008 100520s19uu xx 00 eng d
050 _aREF 610
_bP37 2000
100 _aParker, Steven
245 _aMedicine.
440 _aEyewitness books
650 _aMedicine
999 _c114277
_d114277